Представление документа в формате MARC21

ПолеНазваниеЗначение
  Тип записи a
  Библиографический уровень m
001 Контрольный номер RU\infra-m\znanium\bibl\2173587
005 Дата корректировки 20260429142124.2
008 Кодируемые данные 240919s2024 RU g rus u
020 Индекс ISBN __
a ISBN 978-5-9729-1807-2
040 Источник каталогиз. __
a Служба первич. каталог. Общество с ограниченной ответственностью «ЗНАНИУМ»
041 Код языка издания __
a Код языка текста rus
044 Код страны публикации __
a Код страны публикации RU
080 Индекс УДК __
a Индекс УДК 621
084 Индекс другой классификации/Индекс ББК __
2 Источник индекса rubbk
a Индекс другой классификации/Индекс ББК 3284
084 Индекс другой классификации/Индекс ББК __
2 Источник индекса okso
a Индекс другой классификации/Индекс ББК 10.03.01
084 Индекс другой классификации/Индекс ББК __
2 Источник индекса okso
a Индекс другой классификации/Индекс ББК 10.05.02
084 Индекс другой классификации/Индекс ББК __
2 Источник индекса okso
a Индекс другой классификации/Индекс ББК 11.03.01
084 Индекс другой классификации/Индекс ББК __
2 Источник индекса okso
a Индекс другой классификации/Индекс ББК 11.03.02
084 Индекс другой классификации/Индекс ББК __
2 Источник индекса okso
a Индекс другой классификации/Индекс ББК 27.03.04
100 Автор __
a Автор Галочкин В.А.
q Полное имя Галочкин Владимир Андреевич
u Дополнение Поволжский государственный университет телекоммуникаций и информатики
245 Заглавие __
a Заглавие Схемотехника радиотехнических устройств. Методические разработки к лабораторным работам
b Продолж. заглавия Учебное пособие
c Ответственность Поволжский государственный университет телекоммуникаций и информатики
260 Выходные данные __
a Место издания Вологда
b Издательство Инфра-Инженерия
c Дата издания 2024
300 Физическое описание __
a Объем 288 с.
520 Аннотация __
a Аннотация Рассматривается элементная база и схемотехника радиотехнических устройств. Приведен комплекс лабораторных работ способствующий усвоению закреплению материала и проверке знаний по дисциплинам «Схемотехника» различных направлений подготовки. Для лучшего освоения дисциплины приведенные лабораторные работы оформлены в виде экспериментальной проверки основных теоретических положений которые для удобства размещены в начале каждой лабораторной работы. Для студентов по направлениям подготовки: 11.03.01 «Радиотехника» 11.03.02 «Инфокоммуникационные технологии и системы связи» 10.05.02 «Информационная безопасность телекоммуникационных систем» 10.03.01 «Информационная безопасность» 27.03.04 «Управление в технических системах» а также для инженерно-технических работников изучающих электронику.
521 Примеч. о цел. назн. __
a Примеч. о целев. назн. Профессиональное образование
650 Тематические рубрики __
a Основная рубрика Радиоэлектроника. Автоматика. Связь
x Основная подрубрика Схемотехника. Общие вопросы
655 Указ. предметных рубрик (устаревшее) __
a Жанр/ форма (устаревшее) Учебное пособие
856 Электронный адрес документа 4_
a Имя сервера/домена znanium.ru
m Помощь ebs_support@infra-m.ru
n Местонахождение сервера НИЦ ИНФРА-М
u URL https://znanium.ru/catalog/document?id=453595
856 Электронный адрес документа 48
a Имя сервера/домена znanium.ru
d Путь /cover/2173
f Электронное имя 2173587.jpg
q Тип электронного формата image/jpeg
u URL https://znanium.ru/cover/2173/2173587.jpg
911 __
u 0030=https://znanium.ru/catalog/document?id=453595